000 00857nam a2200241 a 4500
999 _c12119
_d12119
001 12119
003 BD-JhCC
005 20210316084031.0
008 210316s2013 bg a|||| |||| 000 0 ben d
020 _a9789845021395
035 _a(BD-JhCC)12119
040 _aBD-JhCC
_dBD-JhCC
041 _aben
082 _a641.56314
_bAKT 2013
100 _aআক্তার, সৈয়দ শারমিন
245 _aপুষ্টি নামা /
_cসৈয়দ শারমিন আক্তার
260 _aঢাকা :
_bঅন্যপ্রকাশ,
_c২০১৩
300 _a১১৩ পৃ. :
_bসকল কালার পৃষ্ঠা ;
_c২০ সেমি.
504 _aগ্রন্থপঞ্জি অর্ন্তভূক্ত।
650 _aNutrition
650 _aSelf-care, Health
942 _2ddc
_cBK